Пропуск в контексте

Управление налоговыми обязательствами и рисками предприятия: методология и практика монография

В монографии рассмотрены теоретические, методологические и практические аспекты управления налоговыми обязательствами и рисками субъектов бизнеса. Даны рекомендации по совершенствованию вопросов сокращения налоговой нагрузки, налоговых рисков, налогового планирования. Издание рекомендовано для испол...

Полное описание

Сохранить в:
Библиографические подробности
Главный автор: Полякова М. А.
Другие авторы: Носов А. В.
Формат: Книга
Язык:Russian
Опубликовано: Пенза ПГАУ 2024
Online-ссылка:https://e.lanbook.com/book/451337
https://e.lanbook.com/img/cover/book/451337.jpg
Метки: Добавить метку
Нет меток, Требуется 1-ая метка записи!
LEADER 01997nam0a2200289 i 4500
001 451337
003 RuSpLAN
005 20250116142157.0
008 250116s2024 ru gs 000 0 rus
020 |a 978-5-00196-282-3 
040 |a RuSpLAN 
041 0 |a rus 
044 |a ru 
080 |a 336.2 
084 |a 67.99(2)2  |2 rubbk 
245 0 0 |a Управление налоговыми обязательствами и рисками предприятия: методология и практика  |b монография  |c Полякова М. А.,Носов А. В. 
260 |a Пенза  |b ПГАУ  |c 2024 
300 |a 201 с. 
504 |a Библиогр.: доступна в карточке книги, на сайте ЭБС Лань 
520 8 |a В монографии рассмотрены теоретические, методологические и практические аспекты управления налоговыми обязательствами и рисками субъектов бизнеса. Даны рекомендации по совершенствованию вопросов сокращения налоговой нагрузки, налоговых рисков, налогового планирования. Издание рекомендовано для использования научно-педагогическими работниками, аспирантами, соискателями, магистрантами, студентами ВУЗов и специалистами в области финансового и налогового менеджмента. 
521 8 |a Книга из коллекции ПГАУ - Экономика и менеджмент 
521 8 |a СЭБ 
100 1 |a Полякова М. А. 
700 1 |a Носов А. В. 
856 4 |u https://e.lanbook.com/book/451337 
856 4 8 |u https://e.lanbook.com/img/cover/book/451337.jpg 
953 |a https://e.lanbook.com/img/cover/book/451337.jpg